Teams, die Deutschland in Fußball-EMs besiegt haben - Statistiken

Allgemein
  • Dieses Quiz wurde 104 mal gespielt
  • Das Durchschnittsergebnis liegt bei 13 aus 15
Antwortstatistiken
Jahr Phase Endstand Land % Korrekt
EM 2024 Viertelfinale 2-1 Spanien
100%
EM 2008 Finale 1-0 Spanien
100%
EM 1984 Gruppe 1-0 Spanien
100%
EM 2021 Achtelfinale 2-0 England
98%
EM 2000 Gruppe 1-0 England
98%
EM 2012 Halbfinale 2-1 Italien
96%
EM 2000 Gruppe 3-0 Portugal
95%
EM 2021 Gruppe 1-0 Frankreich
93%
EM 2016 Halbfinale 2-0 Frankreich
93%
EM 1992 Gruppe 3-1 Niederlande
87%
EM 1988 Halbfinale 2-1 Niederlande
87%
EM 1992 Finale 1-0 Dänemark
80%
EM 2008 Gruppe 2-1 Kroatien
73%
EM 2004 Gruppe 2-1 Tschechien
63%
EM 1976 Finale 2-2 (E) Tschechoslowakei
43%
Keine übereinstimmenden Quizze gefunden
Verteilung der Resultate
Anzahl Personen mit jedem Resultat
Perzentil nach korrekt beantworteten Fragen
Ihre Resultats-Entwicklung
Sie haben dieses Quiz noch nicht gespielt